Antología de "El Pensador" / (Record no. 12099)
[ view plain ]
| 000 -LEADER | |
|---|---|
| campo de control de longitud fija | 00949nam a2200265 i 4500 |
| 001 - NÚMERO DE CONTROL | |
| campo de control | 12099 |
| 003 - IDENTIFICADOR DE NÚMERO DE CONTROL | |
| campo de control | ES-MaACL |
| 005 - FECHA Y HORA DE LA ÚLTIMA TRANSACCIÓN | |
| campo de control | 20250815063215.0 |
| 007 - CAMPO FIJO DE DESCRIPCIÓN FÍSICA--INFORMACIÓN GENERAL | |
| campo de control de longitud fija | t| |
| 008 - DATOS DE LONGITUD FIJA--INFORMACIÓN GENERAL | |
| campo de control de longitud fija | 970410s1989 sp |||| | spa d |
| 020 ## - NÚMERO INTERNACIONAL ESTÁNDAR DEL LIBRO | |
| Número Internacional Estándar del Libro | 84-87137-04-0 |
| 080 ## - NÚMERO DE LA CLASIFICACIÓN DECIMAL UNIVERSAL | |
| Número de la Clasificación Decimal Universal | 860-43"17" |
| 080 ## - NÚMERO DE LA CLASIFICACIÓN DECIMAL UNIVERSAL | |
| Número de la Clasificación Decimal Universal | 39(460)(05)"17" |
| 100 1# - ENTRADA PRINCIPAL--NOMBRE DE PERSONA | |
| Nombre de persona | Clavijo y Fajardo, José, |
| Fechas asociadas al nombre | 1726-1806 |
| 9 (RLIN) | 39144 |
| 245 10 - MENCIÓN DEL TÍTULO | |
| Título | Antología de "El Pensador" / |
| Mención de responsabilidad, etc. | José Clavijo y Fajardo ; [edición de Sebastián de la Nuez Caballero]. |
| 260 ## - PUBLICACIÓN, DISTRIBUCIÓN, ETC. | |
| Lugar de publicación, distribución, etc. | [Santa Cruz de Tenerife] : |
| Nombre del editor, distribuidor, etc. | Viceconsejería de Cultura y Deportes, Gobierno de Canarias, |
| Fecha de publicación, distribución, etc. | 1989. |
| 300 ## - DESCRIPCIÓN FÍSICA | |
| Extensión | 302 p. ; |
| Dimensiones | 21 cm. |
| 490 1# - MENCIÓN DE SERIE | |
| Mención de serie | Biblioteca básica canaria ; |
| Designación de volumen o secuencia | 10 |
| 630 37 - PUNTO DE ACCESO ADICIONAL DE MATERIA--TÍTULO UNIFORME | |
| Título uniforme | El Pensador. |
| 9 (RLIN) | 121046 |
| 700 1# - ENTRADA AGREGADA--NOMBRE PERSONAL | |
| Nombre de persona | Nuez, Sebastián de la. |
| 9 (RLIN) | 86128 |
| 710 1# - ENTRADA AGREGADA--NOMBRE DE ENTIDAD CORPORATIVA | |
| Nombre de entidad corporativa o nombre de jurisdicción como elemento de entrada | Canarias. |
| Unidad subordinada | Viceconsejería de Cultura y Deportes. |
| 9 (RLIN) | 2427 |
| 830 0# - PUNTO DE ACCESO ADICIONAL DE SERIE-TÍTULO UNIFORME | |
| Título uniforme | Biblioteca básica canaria ; |
| Designación de volumen o secuencia | 10 |
| 9 (RLIN) | 177611 |
| 852 ## - LOCALIZACIÓN | |
| Ubicación | ES-MaACL |
| Número de control de estantería | L-19489 |
| Estatus retirado | Estado de pérdida | Estado de daño | No para préstamo | Biblioteca de origen | Biblioteca actual | Ubicación en estantería | Fecha de adquisición | Fuente de adquisición | Total de préstamos | Signatura topográfica completa | Código de barras | Visto por última vez | Precio de reemplazo | Tipo de ítem Koha |
|---|---|---|---|---|---|---|---|---|---|---|---|---|---|---|
| Biblioteca del Ateneo de Madrid | Biblioteca del Ateneo de Madrid | Depósito 2 | 17/01/2008 | L-19489 | 1012328 | 23/02/2023 | 23/02/2023 | Libro impreso |
